Guadalupano zodiaco para recibir de la escogida como el sol María Sra. Ntra. los más propicios influxos.

Detalles Bibliográficos
Autor principal: LAZCANO, Francisco Xavier
Formato: Libro
Publicado: México 1764
Materias:
Colección:Banco de datos
Acervo:Biblioteca del Convento de Santa Mónica de la Ciudad de Puebla. Puebla
Tema general:Mariología
Notas:Buena. No. de Reg. 188323. B1, 29.
LEADER 00693nam a22001930004500
035 |a 52161 
036 |a 1929 
100 1 |a LAZCANO, Francisco Xavier 
245 1 0 |a Guadalupano zodiaco para recibir de la escogida como el sol María Sra. Ntra. los más propicios influxos. 
260 |a México  |b imp. del Real  |c 1764 
500 |a Buena. No. de Reg. 188323. B1, 29. 
650 1 0 |a Mariología 
949 |a CRP-SM 
959 |a Ex convento de Santa Mónica. Puebla, Puebla  |b CCC5 
960 |a Convento de Santa Mónica de la ciudad de Puebla  |b DD88 
961 |a Franciscana  |b OF 
942 |c CRP-SM 
943 |g Biblioteca del Convento de Santa Mónica de la Ciudad de Puebla. Puebla 
999 |c 962499  |d 962499